Solve the Secret Composer - Statistics

General Stats
  • This quiz has been taken 6,540 times
  • The average score is 11 of 21
Answer Stats
Scramble Composer % Correct
ABCH Bach
100%
BEEEHNOTV Beethoven
97%
AMORTZ Mozart
94%
ADIILVV Vivaldi
89%
ABHMRS Brahms
84%
CHINOP Chopin
80%
ADHNY Haydn
77%
AELRV Ravel
68%
EGGIR Grieg
61%
AEGNRW Wagner
46%
AEFUR Fauré
43%
CCIINPU Puccini
43%
ARSSSTU Strauss
42%
BDESSUY Debussy
41%
ACDLNOP Copland
36%
BCEHRSTU Schubert
32%
BEEINNRST Bernstein
30%
Secret Composer SIBELIUS
27%
BELOUZ Boulez
22%
AIKNRSSTVY Stravinsky
15%
EGHIIPRS Respighi
10%
No matching quizzes found
Score Distribution
Percent of People with Each Score
Percentile by Number Answered
Your Score History
You have not taken this quiz